Fundações : fundações profundas /

Contenido del volumen 2: 10) Introducción a las cimentaciones profundas; 11) Principales tipos de cimentaciones profundas; 12) Capacidad de carga axial, métodos estáticos; 13) Fijación de pilotes y los métodos dinámicos; 14) Estimación del cálculo de la carga axial; 15) Estacas y tubos de esfuerzos...

وصف كامل

محفوظ في:
التفاصيل البيبلوغرافية
المؤلف الرئيسي: Velloso, Dirceu de Alencar (autor)
مؤلفون آخرون: Lopes, Francisco de Rezende (autor) (autor)
التنسيق: كتاب
اللغة:البرتغالية
منشور في: São Paulo, Brasil : Oficina de Textos, 2010, c2010
الموضوعات:
الوسوم: إضافة وسم
لا توجد وسوم, كن أول من يضع وسما على هذه التسجيلة!

MARC

LEADER 00000nam^a2200000^a^4500
001 000308054
005 20250521000000.0
009 20260310112906.121
020 |a 978-85-86238-98-7 
037 |a Acervo ITESO - Biblioteca 
041 |a POR 
082 |a 624. 15  |b VEL V. 2 
100 |a Velloso, Dirceu de Alencar  |e (autor) 
240 1 1 |a [Fundações] 
245 1 0 |a Fundações :  |b fundações profundas /  |c D.A. Velloso, F.R. Lopes ; presen. de Jacques de Medina. 
264 4 |a São Paulo, Brasil :  |b Oficina de Textos,  |c 2010, c2010 
300 |a p. 228-569 
336 |a texto  |b txt  |2 rdacontenido 
337 |a sin mediación  |b n  |2 rdamedio 
338 |a volumen  |b nc  |2 rdasoporte 
520 |a Contenido del volumen 2: 10) Introducción a las cimentaciones profundas; 11) Principales tipos de cimentaciones profundas; 12) Capacidad de carga axial, métodos estáticos; 13) Fijación de pilotes y los métodos dinámicos; 14) Estimación del cálculo de la carga axial; 15) Estacas y tubos de esfuerzos transversales; 16) Grupos de estacas y tubos; 17) Verificación de la calidad y el desempeño; 18) Problemas especiales de cimentación profunda. 
649 |a XX 
650 |a Pilotes 
650 |a Cimentación -  |x Tema Principal 
650 |a Construcción 
650 |a Mecánica de Suelos 
650 |a Ingeniería Civil 
700 |a Lopes, Francisco de Rezende  |e (autor) 
910 |a Fondo General 
920 |a Impresos - Libros 
930 |a Colección General 
905 |a 101 
901 |a 0500194239  |b IT1  |c ACC  |i D54682  |u 20250521 
902 |a https://opac.biblio.iteso.mx/vufind/Record/000308054